000 00442nam a2200133Ia 4500
005 20260328101448.0
008 260328s9999||||xx |||||||||||||| ||und||
100 _aArtigas, Juan Benito
245 0 _aArquitectura a Cielo Abierto en Iberomérica Como un Invariante Continental :
_b México, Guatemala, Colombia, Bolivia, Brasil y Filipinas /
_cJuan Benito Artigas
260 _bUNAM
300 _a127 p.
650 _aLATINOAMERICA
942 _cBK
999 _c8551
_d8551